Başbakan ve DSP genel başkanı Sayın Bülent Ecevit'e sunulan rapor (Record no. 5551)

MARC details
000 -BAŞLIK
Sabit Uzunlukta Kontrol Alanı 00717na a2200229 4500
001 - KONTROL NUMARASI
Denetim Alanı 19862
003 - KONTROL NUMARASI IDENTIFIER
Denetim Alanı MIRAKIL
005 - SON İŞLEM TARİHİ VE ZAMANI
Denetim Alanı 20181213155040.0
008 - SABİT-BOY VERİ ELEMANLARI - GENEL BİLGİLER
Sabit Uzunlukta Kontrol Alanı 161228b tu 000 0
040 ## - KATALOGLAMA KAYNAK
Orijinal Kataloglama Ajansı Milas
Kataloglama Dili tur
Metne Dönüştürmek Ajansı TR-AnCHP
041 ## - DİL KODU
Metin / Ses Parça Veya Ayrı Başlığın Dil Kodu tur
082 ## - DEWEY ONLU SINIFLANDIRMA NUMARASI
Sınıflandırma Numarası 324.2372
Ürün Numarası P57b 2001
090 ## - SINIFLAMA NUMARASI
Sınıflama Numarası 324.2372 P57b 2001
100 ## - ANA GİRİŞ - KİŞİSEL İSİM
Kişisel Ad Pişkinsüt, Sema
245 ## - BAŞLIK TABLOSU
Başlık Başbakan ve DSP genel başkanı Sayın Bülent Ecevit'e sunulan rapor
Başlığın Kalan 27 Temmuz 2001
Sorumluluk Tablosu, Vb Sema Pişkinsüt
260 ## - YAYIN, DAĞITIM, VB
Yayın, Dağıtım, Vb Yeri [Ankara]
Yayıncı, Dağıtıcı, Vs Adı [yayl.y.]
Yayın, Dağıtım, Vb Tarihi 2001
300 ## - FİZİKSEL TANIM
Kapsam 14 s.
Boyutlar 20 sm.
610 ## - KONU KATMA GİRİŞ - TOPLANTI ADI
Giriş Elemanı Olarak Kurumsal Ad Veya Yargı Alanı Adı Demokratik Sol Parti (DSP)
Genel Alt Bölüm Parti programları
650 ## - KONU KATMA GİRİŞ - TOPİKAL DÖNEM
Topikal Süreli Veya Coğrafi Ad Giriş Elemanı Milletvekilleri
Genel Alt Bölümü Parti programları
650 ## - KONU KATMA GİRİŞ - TOPİKAL DÖNEM
Topikal Süreli Veya Coğrafi Ad Giriş Elemanı Hükümet programları
Genel Alt Bölümü Raporlar
942 ## - EKLENDİ GİRİŞ ELEMANLARI (KOHA)
Sınıflandırma Veya Raf Düzeni Kaynak
Koha Öğesi Türü Books
999 ## - SİSTEM KONTROL NUMARALARI (KOHA)
Koha Biblionumber 5551
Koha Biblioitemnumber 5551
Holdings
Kalıcı Konum Mevcut Konum Edinme Tarihi Edinim Kaynak Toplam Check-Out'Lar Tam Çağrı Numarası Barkod Tarih Son Görülme İtibaren Geçerli Fiyatlar Koha Öğesi Türü
CHP Kütüphanesi CHP Kütüphanesi 12/28/2016 Bağış   324.2372 P57b 2001 010334 12/28/2016 12/28/2016 Books